000 00663nam a2200229Ia 4500
003 OSt
005 20220926014400.0
006 a|||||r|||| 00| 0
007 ta
008 220923b |||||||| |||| 00| 0 eng d
037 _cGeneral Book
040 _aRTL
_cRTL
_beng
041 _2eng
_aeng
082 _aX655.30k1.N7, L2
100 _aColebrook Philip
_9320548
245 0 _aGoing international
_b A handbook of British direct
260 _aNew York
_bMcGraw Hill U. S. A.
_c1972
300 _a215p.
_ccm.
650 _aForeign Investment
942 _hX655.30k1.N7, L2
_cGB
_2CC
999 _c628903
_d628903